Honeybee Flora of Ethiopia. (Record no. 7397)
[ view plain ]
| 000 -LEADER | |
|---|---|
| fixed length control field | 00645nam a22001817a 4500 |
| 003 - CONTROL NUMBER IDENTIFIER | |
| control field | OSt |
| 005 - DATE AND TIME OF LATEST TRANSACTION | |
| control field | 20211026120008.0 |
| 008 - FIXED-LENGTH DATA ELEMENTS--GENERAL INFORMATION | |
| fixed length control field | 211026b ||||| |||| 00| 0 eng d |
| 020 ## - INTERNATIONAL STANDARD BOOK NUMBER | |
| International Standard Book Number | 9783659946362 |
| 040 ## - CATALOGING SOURCE | |
| Transcribing agency | DDC |
| 082 ## - DEWEY DECIMAL CLASSIFICATION NUMBER | |
| Classification number | 638.1FIC 2016 |
| 100 ## - MAIN ENTRY--PERSONAL NAME | |
| Personal name | Fichtl,Reinhard; Addi,Admasu; |
| 9 (RLIN) | 15150 |
| 245 ## - TITLE STATEMENT | |
| Title | Honeybee Flora of Ethiopia. |
| Remainder of title | Assessment of major Honey bee flora resources on selected districts of Sidama and Gedeo zones of Southern Ethiopia. |
| Statement of responsibility, etc. | Edited by Fichtl,Reinhard and Addi,Admasu; |
| 260 ## - PUBLICATION, DISTRIBUTION, ETC. (IMPRINT) | |
| Place of publication, distribution, etc. | Germany. |
| Name of publisher, distributor, etc. | Lambert Academic Publishing. |
| Date of publication, distribution, etc. | 2016. |
| 300 ## - PHYSICAL DESCRIPTION | |
| Extent | 59p; |
| Other physical details | ill; |
| Dimensions | 23cm. |
| 650 ## - SUBJECT ADDED ENTRY--TOPICAL TERM | |
| Topical term or geographic name as entry element | Biology |
| 9 (RLIN) | 5602 |
| 942 ## - ADDED ENTRY ELEMENTS (KOHA) | |
| Source of classification or shelving scheme | Dewey Decimal Classification |
| Koha item type | Open Shelf |
| Withdrawn status | Lost status | Source of classification or shelving scheme | Damaged status | Not for loan | Home library | Current library | Date acquired | Source of acquisition | Inventory number | Total Checkouts | Full call number | Barcode | Date last seen | Price effective from | Koha item type |
|---|---|---|---|---|---|---|---|---|---|---|---|---|---|---|---|
| Dewey Decimal Classification | MUST Main Library | MUST Main Library | 26/10/2021 | Purchase | 21/41591 | 638.1FIC 2016 | 2021-1550 | 26/10/2021 | 26/10/2021 | Open Shelf | |||||
| Dewey Decimal Classification | MUST Main Library | MUST Main Library | 26/10/2021 | Purchase | 21/41592 | 638.1FIC 2016 | 2021-1551 | 26/10/2021 | 26/10/2021 | Open Shelf |
